Music Quiz

Random Music or Rap Quiz
Score 0/50 Timer 10:00
0 Plays Today
# Song title % Correct
1.God's Plan
95.4%
11.Sad!
92.5%
7.Lucid Dreams
91.3%
6.Rockstar
90.9%
13.FEFE
89.7%
2.I Like It
88.5%
3.In My Feelings
85.8%
18.Sicko Mode
85.8%
4.Psycho
85.1%
9.Look Alive
84.5%
12.Taste
84.2%
26.This Is America
83.8%
48.Mo Bamba
82.2%
17.Gucci Gang
80.8%
14.MotorSport
79%
8.Better Now
78.9%
27.Plug Walk
78%
5.Nice For What
76.2%
42.I Love It
75.7%
10.Yes Indeed
72.5%
20.Walk It Talk It
71.4%
39.Drip Too Hard
70.7%
24.Gummo
67.7%
22.Nonstop
65.7%
38.King's Dead
65.5%
# Song title % Correct
34.Bodak Yellow (Money Moves)
64.3%
35.Moonlight
64.3%
21.Stir Fry
62.3%
25.Ric Flair Drip
60.9%
47.Roll In Peace
60.7%
45.Powerglide
56.8%
31.Big Bank
56.5%
46.Apes**t
55.8%
44.River
53.8%
50.Bank Account
53.8%
29.Love.
53.5%
16.No Limit
52.4%
30.Bartier Cardi
51.5%
33.I Get The Bag
49.9%
36.Lemon
48.1%
41.Outside Today
48.1%
15.Let You Down
46.7%
19.Him & I
40.7%
43.Chun-Li
39.1%
32.Plain Jane
38.7%
37.I'm Upset
38.2%
40.The Way Life Goes
31.4%
28.Be Careful
27.5%
23.I Fall Apart
25%
49.Good Old Days
22.4%
Remove Ads.
Support Sporcle.
Get the best of Sporcle when you Go Orange. This ad-free experience offers more features, more stats, and more fun while also helping to support Sporcle. Thank you for becoming a member.

You're not logged in!

Compare scores with friends on all Sporcle quizzes.
OR
Log In

Show Comments

Extras

Top Quizzes Today


Score Distribution

Your Account Isn't Verified!

In order to create a playlist on Sporcle, you need to verify the email address you used during registration. Go to your Sporcle Settings to finish the process.

Report this User

Report this user for behavior that violates our Community Guidelines.

Details: